000
00314nam a2200133Ia 4500
008
240624s9999 xx 000 0 und d
041
_a
eng
082
_a
332.1 ICF
100
_a
ICFAI
245
_a
BANKING OPERATIONS
260
_c
2004
_a
Hyderabad
_b
ICFAI University
300
_a
284 : p. : cm. ; 26
365
_c
RS
999
_c
5934
_d
5934